000
00343pam a2200157a 44500
008
230515b1986 xxu||||| |||| 00| 0 eng d
020
_a
NULL
041
_a
ENGLISH
082
_a
N.D.
100
_a
Kao C K.
245
_a
Optical Fiber Systems
250
_a
0
260
_a
NULL
_b
Mcgraw Hill Pub.
_c
1986
300
_a
204
650
_a
NULL
999
_c
575358
_d
575358